| 000 | 00838nam a2200241 ar4500 | ||
|---|---|---|---|
| 001 | 1460 | ||
| 005 | 20221127090226.0 | ||
| 008 | 090808s xxua 00110 eng d | ||
| 020 |
_a9780071101525(spiral binding : student ed.) : _cNo price. |
||
| 020 |
_a9780073519166(spiral binding) : _cSR221.00 |
||
| 082 | 0 | 4 |
_a005.5 _bOl2 2008 |
| 100 | 1 | _aO'Leary, Timothy J. | |
| 245 | 1 | 0 |
_aMicrosoft Office 2007 / _cTimothy O'Leary, Linda O'Leary. |
| 260 |
_aBoston, Mass. : _bMcGraw-Hill Higher Education, _c2008. |
||
| 300 |
_a1 v.(various pagings) : _bcol. ill. ; _c28 cm. |
||
| 440 | 4 | _aThe O'Leary series. | |
| 500 | _aIncludes index. | ||
| 650 | 4 | _aMicrosoft Office. | |
| 650 | 4 |
_aBusiness _xComputer programs. |
|
| 650 | 4 |
_aProject management _xComputer programs. |
|
| 650 | 4 |
_aWeb sites _xDesign. |
|
| 700 | 0 |
_aO'Leary, Linda I., _ejt. auth. |
|
| 999 |
_c1458 _d1458 |
||